000 01547cam a22003737a 4500
003 CHAP
005 20220329142356.0
008 001013d1999 mx rs o00110 spa d
010 _a82571
011 _a83543
020 _a9701327470
035 _a94056
040 _cCHAP
082 _a312.0972
_bI59 Tlax. 1997
110 2 _aInstituto Nacional de Estadística, Geografía e Informática. México
_959304
245 0 _aEncuesta nacional de la dinámica demográfica 1997
_b: Tlaxcala
_cpor Instituto Nacional de Estadística, Geografía e Informática.
260 _aAguascalientes, Ags. :
_bInstituto Nacional de Estadística, Geografía e Informática,
_cc.1999-
300 _av. :
_bgráfs. ; cuadros
500 _aLa biblioteca tiene : v.1 Panorama sociodemográfico
590 _aBATCH-UPD
_b10
_c20130110
_lUCH01
_h0143
590 _aBATCH-UPD
_b10
_c20130110
_lUCH01
_h2241
590 _aBATCH-UPD
_b10
_c20130409
_lUCH01
_h2142
590 _aBATCH-UPD
_b10
_c20130410
_lUCH01
_h1535
590 _aBATCH-UPD
_b10
_c20130914
_lUCH01
_h1924
590 _aCONVERSION
_b10
_c20130109
_lUCH01
_h1346
650 1 4 _aPoblación
_xEstadísticas
_zTlaxcala.
_989401
650 1 4 _aPoblación
_zTlaxcala.
_989441
650 1 4 _aTlaxcala
_xCondiciones sociales.
_9113470
901 _aBK
905 _aPatricia Mendoza P.
942 _cLIBRO
949 _a312.0972 I59 Tlax. 1997
_bBC
_cINEGI
_d33724000790499
_eINEGI
_fv.1 c.2
_h99326
_i94056
_kDonaciØn
_si
949 _a312.0972 I59 Tlax. 1997
_bBC
_cINEGI
_d33724000805701
_eINEGI
_fv.1
_h98861
_i94056
_kDonaciØn
_sb
999 _c82571
_d82571